[Event "Gerunda Tardor 3rd op"]
[Site "Gerunda"]
[Date "2019.11.19"]
[Round "8.10"]
[White "Vegas Cortes, Jose Maria"]
[Black "Pujolras Campmajo, Nil"]
[Result "0-1"]
[WhiteElo "1760"]
[BlackElo "1732"]
[PlyCount "72"]
[EventDate "2019.09.24"]
[EventType "swiss"]
[EventRounds "9"]
[EventCountry "ESP"]
[SourceTitle "EXT 2024"]
[Source "ChessBase"]
[SourceDate "2023.10.10"]
[SourceVersion "1"]
[SourceVersionDate "2023.10.10"]
[SourceQuality "1"]

1. e4 e5 2. Nf3 Nc6 3. Bb5 Nf6 4. d3 Be7 5. Bxc6 dxc6 6. Nxe5 0-0 7. Nd2 Bc5 8. Nb3 Bd6 9. Nf3 Re8 10. Bg5 h6 11. Bh4 g5 12. Bg3 Bg4 13. 0-0 Qd7 14. Re1 Bxg3 15. fxg3 c5 16. Nxc5 Qb5 17. Nb3 Rad8 18. Qc1 c5 19. Nxg5 c4 20. dxc4 Qxg5 21. Qxg5+ hxg5 22. e5 Nd7 23. h3 Bh5 24. c3 Nxe5 25. c5 Nd3 26. Rf1 Bg6 27. Nd4 Nxc5 28. g4 Nd3 29. Nf5 Re2 30. Ng3 Rxb2 31. Nf5 Nf4 32. Rf2 Rdd2 33. Rxd2 Rxd2 34. g3 Ne2+ 35. Kf1 Bxf5 36. gxf5 Nxg3+ 0-1

[Event "Gerunda Tardor 3rd op"]
[Site "Gerunda"]
[Date "2019.10.08"]
[Round "3.10"]
[White "Tarrago Compte, Carina"]
[Black "Pujolras Campmajo, Nil"]
[Result "1-0"]
[WhiteElo "1465"]
[BlackElo "1732"]
[PlyCount "27"]
[EventDate "2019.09.24"]
[EventType "swiss"]
[EventRounds "9"]
[EventCountry "ESP"]
[SourceTitle "EXT 2024"]
[Source "ChessBase"]
[SourceDate "2023.10.10"]
[SourceVersion "1"]
[SourceVersionDate "2023.10.10"]
[SourceQuality "1"]

1. e4 e5 2. Nf3 Nc6 3. Bc4 Nf6 4. Ng5 Bc5 5. Nxf7 Qe7 6. Nxh8 Bxf2+ 7. Kxf2 Qc5+ 8. Ke1 Qxc4 9. d3 Qe6 10. Nc3 d5 11. Nb5 Qd7 12. Qd2 dxe4 13. dxe4 Qe7 14. b3 1-0